000 00515nam a2200169Ia 4500
999 _c20933
_d20933
003 OSt
005 20200624132431.0
008 190216s9999||||xx |||||||||||||| ||und||
040 _coclc
082 _a954.042
_bRAZ/M
100 _aRaza, S Hashim
_93192
245 0 _aMountbatten And The Partition Of India /
_cS Hashim Raza
260 _bAtlantic Publications & Distributors,
_c1989.
_aNew Delhi:
300 _a175p
650 _aHistory
942 _cBK
_2ddc
_h954.042
_iRAZ/M
_k954.042
_mRAZ/M